Southville International School and Colleges
Your cart is empty.
  • Cart
  • Lists
    Public lists Eva Luna New books Lux_list list_1
    Your lists Log in to create your own lists
  • Log in to your account
  • Your cookies
  • Search history
Southville International School and Colleges
  • Advanced search
  • Recent comments
  • Most popular
  • Libraries

Log in to your account

Log in with GOOGLE


If you do not have an external account, but do have a local account, you can still log in:

  1. Home
  2. MARC view: Communication /
Normal view MARC view ISBD view

Communication / (Record no. 21175)

[ view plain ]
MARC details
000 -LEADER
fixed length control field 00520nam a2200205 a 4500
005 - DATE AND TIME OF LATEST TRANSACTION
control field 20140310183312.0
008 - FIXED-LENGTH DATA ELEMENTS--GENERAL INFORMATION
fixed length control field 051010s19uu xx 00 eng d
020 ## - INTERNATIONAL STANDARD BOOK NUMBER
International Standard Book Number 0-205-29587-8
050 ## - LIBRARY OF CONGRESS CALL NUMBER
Classification number P 90
Item number .B296 2002
100 ## - MAIN ENTRY--PERSONAL NAME
Personal name Barker, Larry L.
245 ## - TITLE STATEMENT
Title Communication /
Statement of responsibility, etc Larry L. Baker.
250 ## - EDITION STATEMENT
Edition statement 8th ed.
260 ## - PUBLICATION, DISTRIBUTION, ETC. (IMPRINT)
Place of publication, distribution, etc Boston, MA :
Name of publisher, distributor, etc Allyn and Bacon,
Date of publication, distribution, etc 2002.
300 ## - PHYSICAL DESCRIPTION
Extent x, 406 p. ;
Dimensions 26 cm.
521 ## - TARGET AUDIENCE NOTE
Target audience note
650 ## - SUBJECT ADDED ENTRY--TOPICAL TERM
Topical term or geographic name as entry element Communication.
942 ## - ADDED ENTRY ELEMENTS (KOHA)
Koha item type Books
Source of classification or shelving scheme Library of Congress Classification
Call number prefix Foreign
Holdings
Withdrawn status Lost status Source of classification or shelving scheme Damaged status Home library Current library Shelving location Date acquired Total Checkouts Full call number Barcode Date last seen Copy number Price effective from Koha item type Total Renewals Date checked out
    Library of Congress Classification   College Library College Library General Circulation Section 01/10/2014   P 90 .B296 2002 C6250 05/15/2018 1 01/10/2014 Books    
    Library of Congress Classification   College Library College Library General Circulation Section 01/10/2014 5 P 90 .B296 2002 C3956 09/12/2023 2 01/10/2014 Books 4 09/08/2023

Communication /

APA

Barker L. L., . (2002). Communication. Boston, MA: Allyn and Bacon.

Chicago

Barker Larry L, . 2002. Communication. Boston, MA: Allyn and Bacon.

Harvard

Barker L. L., . (2002). Communication. Boston, MA: Allyn and Bacon.

MLA

Barker Larry L, . Communication. Boston, MA: Allyn and Bacon. 2002.

  • Place hold
  • Print
  • Cite
  • Add to your cart (remove)
  • Save record
    BIBTEX Dublin Core MARCXML MARC (non-Unicode/MARC-8) MARC (Unicode/UTF-8) MARC (Unicode/UTF-8, Standard) MODS (XML) RIS
  • More searches
    Search for this title in:
    Other Libraries (WorldCat) Other Databases (Google Scholar) Online Stores (Bookfinder.com) Open Library (openlibrary.org)

Exporting to Dublin Core...

SOUTHVILLE LIBRARY

Southville International School and Colleges Library

1281 Tropical Ave. Cor. Luxembourg St., BF Homes International, Las Pinas City

Tel. No. 8256374 / 252358 Loc. 117/146

Powered by Koha